MARC details
| 000 -CABECERA |
| campo de control de longitud fija |
02123nam a2200229 a 4500 |
| 001 - NÚMERO DE CONTROL |
| campo de control |
000005009 |
| 005 - FECHA Y HORA DE LA ÚLTIMA TRANSACCIÓN |
| campo de control |
20250310112145.0 |
| 008 - DATOS DE LONGITUD FIJA--INFORMACIÓN GENERAL |
| campo de control de longitud fija |
090729s1995 dr a r 001 0 spa d |
| 040 ## - FUENTE DE LA CATALOGACIÓN |
| Centro catalogador/agencia de origen |
DO-SdBNP |
| Lengua de catalogación |
spa |
| Centro/agencia transcriptor |
BNPHU |
| 082 ## - NÚMERO DE LA CLASIFICACIÓN DECIMAL DEWEY |
| Número de clasificación |
361.61 |
| Número de documento/Ítem |
P963r |
| 245 03 - MENCIÓN DE TÍTULO |
| Título |
El proceso de reforma hacia la seguridad social. |
| 246 14 - FORMA VARIANTE DE TÍTULO |
| Título propio/Titulo breve |
Seguridad social |
| Resto del título |
el proceso de reforma en el área de salud |
| 260 ## - PUBLICACIÓN, DISTRIBUCIÓN, ETC. |
| Lugar de publicación, distribución, etc. |
Santo Domingo : |
| Nombre del editor, distribuidor, etc. |
Fundación Siglo 21, |
| Fecha de publicación, distribución, etc. |
1995. |
| 300 ## - DESCRIPCIÓN FÍSICA |
| Extensión |
303 p. : |
| Otras características físicas |
il. ; |
| Dimensiones |
28 cm. |
| 500 ## - NOTA GENERAL |
| Nota general |
Este libro recoge los detalles del proceso de diálogo cobre la reforma a la seguridad social, auspiciado por el CNHE, el IDSS, las centrales sindicales y el proyecto prácticas y políticas económicas (PYPEC/USAID). El contenido del libro, sin embargo, es responsabilidad única de la Fundación Siglo 21. |
| 505 2# - NOTA DE CONTENIDO CON FORMATO |
| Nota de contenido con formato |
Explicación -- Capítulo 1. La idea de la reforma: estrategia sugerida y adoptada -- Los talleres empresariales y sindicales -- Las posiciones de cada sector en el foro, la sesión de concertación y la declaración pública -- Del foro a la declaración tripartita del 16 de diciembre 1993 -- Los documentos propuestos para la creación de un sistema de seguridad social y las reacciones sugeridas -- La reacción de los sectores empresariales, sindical y público ante las propuestas técnicas contenidas en el borrador 001 -- El cuadro comparativo del 28 de octubre de 1994 y el estancamiento del dialogo -- La propuesta de proyecto de ley de reforma a la seguridad social en el área de salud -- Epílogo del proceso. Este libro recoge los detalles del proceso de diálogo cobre la reforma a la seguridad social, auspiciado por el CNHE, el IDSS, las centrales sindicales y el proyecto prácticas y políticas económicas (PYPEC/USAID). El contenido del libro, sin embargo, es responsabilidad única de la Fundación Siglo 21. |
| 650 #4 - PUNTO DE ACCESO ADICIONAL DE MATERIA--TÉRMINO DE MATERIA |
| Término de materia o nombre geográfico como elemento de entrada |
Seguridad social |
| Subdivisión geográfica |
República Dominicana |
| 9 (RLIN) |
2151 |
| 650 #0 - PUNTO DE ACCESO ADICIONAL DE MATERIA--TÉRMINO DE MATERIA |
| Término de materia o nombre geográfico como elemento de entrada |
Política sanitaria |
| 9 (RLIN) |
1344 |
| 650 #4 - PUNTO DE ACCESO ADICIONAL DE MATERIA--TÉRMINO DE MATERIA |
| Término de materia o nombre geográfico como elemento de entrada |
Sistema de salud |
| 9 (RLIN) |
14437 |
| 650 #4 - PUNTO DE ACCESO ADICIONAL DE MATERIA--TÉRMINO DE MATERIA |
| Término de materia o nombre geográfico como elemento de entrada |
Planes nacionales de salud |
| 9 (RLIN) |
14438 |
| 700 1# - PUNTO DE ACCESO ADICIONAL--NOMBRE DE PERSONA |
| Nombre de persona |
Incluye referencias bibliográficas y notas al pie de las páginas. |
| 9 (RLIN) |
14439 |